000 00498nam a22001697a 4500
005 20251108164014.0
008 250721s1957 xx 000 0 ara d
082 1 4 _a192/ديو
100 1 _aجون، ديوى
245 1 0 _aآراء توماس جيفرسون الحية /
264 1 _aبيروت :
_bدار الثقافة،
_c1957.
300 _a260ص
650 1 7 _aالفلسفة الأمريكية
700 1 _aزايد، محمود يوسف
_eترجمة
942 _2ddc
_cBK
999 _c1246
_d1246